Odgadnij piosenkę Okekela po emoji - Statystyki

Ogólne statystyki
  • Ten quiz został rozwiązany 42 razy
  • Średni wynik to 4 z 8
Statystyki odpowiedzi
Emoji Piosenka % Poprawnych
🥀 Zwiędła róża
88%
5️⃣0️⃣ ⭕ 50 koła
79%
🤏👨 Mini Man
73%
❤️ Kocham cię
64%
❌💀 Nie chcę umierać
52%
🏎️🏎️ Szybkie Samochody
30%
🗣️ Mówisz
15%
💥 Crash
12%
Nie znaleziono quizów pasujących do podanych kryteriów
Rozkład punktacji
Procent ludzi z każdym wynikiem
Percentyl według liczby udzielonych odpowiedzi
Twoja historia wyników
Nie rozwiązałeś tego quizu